MARC

LEADER 00000nam0a2200000 4500
001 273061
005 20231101234608.0
035 |a (RuTPU)RU\TPU\book\296270 
090 |a 273061 
100 |a 20141023d1986 k y0rusy50 ca 
101 0 |a rus 
102 |a RU 
105 |a a z 001zy 
200 1 |a Исследование влияния качества изготовления, монтажа и эксплуатации железобетонных конструкций на их несущую способность  |e сборник научных трудов  |f Научно-исследовательский институт бетона и железобетона (НИИЖБ) ; под ред. В. А. Клевцова 
210 |a Москва  |c Изд-во НИИЖБ  |d 1986 
215 |a 99 с.  |c ил. 
320 |a Библиография в конце статей 
606 1 |a Железобетонные конструкции  |x Испытание  |2 stltpush  |3 (RuTPU)RU\TPU\subj\10645  |9 37686 
610 1 |a железобетон 
610 1 |a изготовление 
610 1 |a монтаж 
610 1 |a эксплуатационная безопасность 
610 1 |a качество 
610 1 |a несущая способность 
610 1 |a прочность 
610 1 |a ультразвуковая дефектоскопия 
610 1 |a поперечные сечения 
610 1 |a выглаживающий эффект 
610 1 |a предварительно-напряженные изделия 
675 |a 691.328:620.1  |v 3 
702 1 |a Клевцов  |b В. А.  |4 340 
712 0 2 |a Научно-исследовательский институт бетона и железобетона (НИИЖБ)  |2 stltpush  |3 (RuTPU)RU\TPU\col\20214 
801 1 |a RU  |b 63413507  |c 20141023 
801 2 |a RU  |b 63413507  |c 20170320  |g RCR 
942 |c BK